IMDB’s 25 greatest WWE wrestlers of all time - Statistics

General Stats
  • This quiz has been taken 50 times
  • The average score is 15 of 25
Answer Stats
Hint Answer % Correct
7 John Cena
98%
4 The Undertaker
98%
2 The Rock
93%
9 Triple H
93%
6 Hulk Hogan
89%
3 Shawn Michaels
89%
1 “Stone Cold” Steve Austin
89%
22 Randy Orton
80%
19 Andre the Giant
73%
15 Edge
73%
5 Ric Flair
73%
8 Bret Hart
71%
23 Brock Lesnar
71%
11 “Macho Man” Randy Savage
69%
14 Kurt Angle
62%
16 Eddie Guerrero
49%
13 Chris Jericho
44%
10 Mick Foley
40%
17 Bruno Sammartino
38%
18 Sting
38%
25 Chris Benoit
36%
24 Ultimate Warrior
33%
21 Dusty Rhodes
9%
20 Buddy Rogers
4%
12 “Rowdy” Roddy Piper
2%
No matching quizzes found
Score Distribution
Percent of People with Each Score
Percentile by Number Answered
Your Score History
You have not taken this quiz